Motivácia zamestnancov v práci

Motivácia - definovanie pojmu. Motivácia subjektívna, objektívna, vnútorná, vonkajšia. Pracovná motivácia. Faktory pracovnej motivácie. Manažérske metódy a techniky podporujúce motiváciu. Výsledky dotazníkového prieskumu. Demotivačné faktory. Motivačné bariéry - vonkajšie, vnútorné.

Guardado en:
Detalles Bibliográficos
Autor principal: Minárová, Martina
Formato: Capítulo de libro
Lenguaje:eslovaco
Materias:
Etiquetas: Agregar Etiqueta
Sin Etiquetas, Sea el primero en etiquetar este registro!

MARC

LEADER 00000nla a2200000 4500
001 0200402
005 20240417075057.6
041 0 |a slo 
044 |a SK 
245 1 0 |a Motivácia zamestnancov v práci  |c Martina Minárová 
520 |a Motivácia - definovanie pojmu. Motivácia subjektívna, objektívna, vnútorná, vonkajšia. Pracovná motivácia. Faktory pracovnej motivácie. Manažérske metódy a techniky podporujúce motiváciu. Výsledky dotazníkového prieskumu. Demotivačné faktory. Motivačné bariéry - vonkajšie, vnútorné. 
610 2 0 |a motivácia 
610 2 0 |a motivácia pracovná 
610 2 0 |a manažéri 
610 2 0 |a Slovensko 
610 2 0 |a dotazníky 
100 1 |a Minárová, Martina